000 00778nam a2200205 a 4500
003 0
005 20250528141214.0
008 021119s19uu xx 00 eng d
050 _aPHS QA 76.9.A25
_b.F37 2002
100 _aFaruque, Sarwar.
245 _aA Comparative study between binary code and multinary code and the stability of the multinary code using character sets /
_cSarwar Faruque.
260 _aLas PiƱas City, Philippines :
_bSouthville International School and Colleges,
_c2002.
300 _a25 pages :
_billustrations ;
_c28 cm.
504 _aIncludes bibliographical references.
650 _aCoding theory.
650 _aBinary system (Mathematics).
650 _aComputer algorithms.
650 _aCharacter sets (Data processing).
942 _2lcc
_cPASS
999 _c96700
_d96700